| 000 | 00465nam a2200145 4500 | ||
|---|---|---|---|
| 001 | 118422 | ||
| 003 | ES-MaACL | ||
| 005 | 20230906191109.0 | ||
| 007 | t| | ||
| 008 | 070214s1912 sp r ||||1| spa d | ||
| 100 | 1 |
_aPeset y Aleixandre, Tomás. _991438 |
|
| 245 | 1 | 0 |
_aFormas químicas de la diabetes sacarina _b: tesis doctoral / _cTomás Peset y Aleixandre. |
| 260 |
_aValencia : _b[s.n.], _c1912 ( _fImp. Hijos de F. Vives Mora) |
||
| 852 |
_aES-MaACL _jT-1365-F-5 |
||
| 999 |
_c118422 _d118422 |
||